Statistiques concernant films par métiers #18

Cliquez ici pour prendre le quiz!

Statistiques générales

  • Ce quiz a été pris 32 fois
  • Le résultat moyen est 8 sur 20

Statistiques - réponses

HintRéponse% Correct
Roi du Wakanda (T'Challa)Black Panther (2018)
88%
Directrice d'une académie de magie (Olympe Maxime)Harry Potter et la Coupe de feu (2005)
88%
Propriétaire de casinos (Terry Benedict)Ocean's Eleven (2001)
72%
Magicien (Radagast le Brun)Le Hobbit : Un voyage inattendu (2012)
68%
Ingénieur/Mécanicien de Vaisseau (Vriess)Alien, la résurrection (1997)
56%
Capitaine (Phasma)Star Wars, épisode VII : Le Réveil de la Force (2015)
56%
Duc, souverain de la planète Caladan (Leto Atréides)Dune : Première Partie (2021)
52%
Star de l'Electropop (Chris Prolls)Fatal (2010)
52%
Soldat du commando d'Elite d'Umbrella Corporation (Rain Ocampo)Resident Evil (2002)
48%
Gouvernante (Miss Macintosh)Astérix et Obélix : Au service de Sa Majesté (2012)
32%
Chanteur et Producteur de Variété (Jean-Louis Glomot dit Paul Memphis)Les Sous-doués en vacances (1982)
32%
Conseiller Général de Corrèze (Denis)Bernadette (2023)
28%
Docteur (Erin Mears)Contagion (2011)
28%
Commandante de l'ISS (Dr Ute Fassbinder)Geostorm (2017)
28%
Comédienne de vaudeville (Ann Darrow)King Kong (2005)
28%
Secrétaire (Traudl Junge)La Chute (2004)
28%
Professeur en symbologie (Robert Langdon) /Anges et Démons (2009)
24%
Agent Municipal (Poncho)Nicky Larson et le Parfum de Cupidon (2018)
16%
Haut Chancelier (Adam Sutler)V pour Vendetta (2005)
12%
Docteur Psychologue (Dr Madeleine Swann)007 Spectre (2015)
8%

Distribution des résultats

Percentile par nombre de réponses

% des personnes avec chaque résultat

Votre développement - résultats

Vous n’avez pas pris ce quiz